Malvinas : testimonio de su gobernador /
Guardado en:
| Autor Principal: | |
|---|---|
| Formato: | Libro |
| Publicado: |
Buenos Aires :
Sudamericana,
1983
|
| Materias: | |
| Etiquetas: |
Agregar Etiqueta
Sin Etiquetas, Sea el primero en etiquetar este registro!
|
| LEADER | 00642nam a22001935a 4500 | ||
|---|---|---|---|
| 001 | EHU.bham052873 | ||
| 008 | 260420s1983##################000#0#####d | ||
| 005 | 20260420081902.0 | ||
| 245 | 1 | 0 | |a Malvinas : |b testimonio de su gobernador / |c Carlos M. Túrolo. |
| 260 | |a Buenos Aires : |b Sudamericana, |c 1983 | ||
| 300 | |a 327 p. | ||
| 020 | |a 9500701707 | ||
| 100 | 1 | |a Túrolo, Carlos M. | |
| 082 | 9 | 8 | |a 982.06 As41-1 |
| 600 | 1 | 7 | |a Menéndez, Mario Benjamín. |
| 653 | |a Historia argentina-1982-islas Malvinas | ||
| 653 | |a Malvinas-guerra de | ||
| 653 | |a Dictadura argentina-1976-1983 | ||
| 859 | |a AR-BHAM |b BIB. HUMANIDADES - General |h 982.06 |i As41-1 |p 130.26 |t Ej.1 | ||
